000 00836cab a2200253 4500
001 ABS53544
008 090401t1995 xxu||||| |||| 00| 0 eng d
035 _a(Sirsi) u5021
041 _aeng
100 _aRaw, G.
245 _aAir conditioning: friend or foe?
260 _c1995
350 _a0
490 _aBuilding Services
_v17(9) September 1995, 53(1)
520 _aConsiders the evidence linking sick building syndrome with air conditioning systems.
650 _aBUILT ENVIRONMENT-BUILDING ELEMENTS-COMPLETE BUILDING SERVICES ELEMENTS-COMPLETE HEATING, VENTILATION AND AIR CONDITIONING SYSTEMS
650 _aAIR POLLUTION
650 _aBUILDING-RELATED ILLNESS
650 _aSICK BUILDING SYNDROME
650 _aVENTILATION
690 _aBUILT ENVIRONMENT-BUILDING STANDARDS
942 _n0
948 _c04/03/1997
999 _c3019
_d3019